UBT Library

GLOBAL ACCOUNTING PERSPECTIVES (Record no. 59121)

000 -LEADER
fixed length control field 00332nam a22001457a 4500
008 - FIXED-LENGTH DATA ELEMENTS--GENERAL INFORMATION
fixed length control field 221207b ||||| |||| 00| 0 eng d
020 ## - INTERNATIONAL STANDARD BOOK NUMBER
International Standard Book Number 9781121584877
041 ## - LANGUAGE CODE
Language code of text/sound track or separate title eng
080 ## - UNIVERSAL DECIMAL CLASSIFICATION NUMBER
Universal Decimal Classification number 330.722
082 ## - DEWEY DECIMAL CLASSIFICATION NUMBER
Classification number 330.722MAL
100 ## - Rafti
Rafti 23.2
101 ## - Shkurtesa
Shkurtesa KONT
245 ## - TITLE STATEMENT
Title GLOBAL ACCOUNTING PERSPECTIVES
Statement of responsibility, etc MALONE D
942 ## - ADDED ENTRY ELEMENTS (KOHA)
Source of classification or shelving scheme
Item type Books
Holdings
Withdrawn status Lost status Source of classification or shelving scheme Damaged status Not for loan Collection code Permanent location Current location Date acquired Total Checkouts Full call number Barcode Date last seen Price effective from Koha item type
          Koleksioni i përgjithshem UBT - Lipjan UBT - Lipjan 12/07/2022   330.722MAL 002-8000287002601002 12/07/2022 12/07/2022 Books
          Koleksioni i përgjithshem UBT - Lipjan UBT - Lipjan 01/24/2023   330.722MAL 003-57 01/24/2023 01/24/2023 Books
UBT Library © 2015-2024. All rights reserved University Education for Business and Technology